Sonic Characters by Quote - Statistics

General Stats
  • This quiz has been taken 173 times
    134 since last reset
  • The average score is 22 of 31
Answer Stats
Quote Character % Correct
“What you see is what you get! Just a guy that loves adventure!” Sonic
99%
“I may not be Sonic, but there are things only I can do!” Tails
98%
“Love changes everything. It feels like every little moment in your life is huge!” Amy
96%
“I aspire for nothing short of world domination!” Eggman
94%
“I do things on my own and that's just how I like it. I don't need anyone else to get by.” Knuckles
94%
“I despise anyone who takes jewels from me!” Rouge
94%
“I'm going to change the future with my own hands!” Silver
94%
“Oh flower, pretty flower, show your face and I'll sting you!” Charmy
92%
“Evil must die! Beware my ninja power!” Espio
92%
“I don't care what happens to others. I just don't like it when fools do whatever they please on this planet.” Shadow
91%
“It's all part of being a good detective.” Vector
91%
“I WILL BATTLE YOU AS MANY TIMES AS IT IS NECESSARY.” Metal Sonic
88%
“I prefer to relax and go fishing. But when my friends are in trouble, I have to look out for them.” Big
86%
“Yes... That is my duty as Princess. My duty.. and honor!” Blaze
80%
“I'm gonna put on the biggest smile I can and share it with everyone!” Cream
76%
“My heart has always been in the Master Emerald, along with Chaos'.” Tikal
74%
“I let go of the old me, the one that was so weak, so that I could become stronger.” Infinite
72%
“Eggman should have sent me to the front lines! He will pay for the insult!” Omega
72%
“No… I want to EXIST!” Mephiles
71%
“I'm the legendary wind master! the bravest, noblest, bestest leader of all time!” Jet
70%
“And if fate draws us apart, I will always be in your heart.” Maria
66%
“All of you ungrateful humans, who took everything away from me, will feel my loss and despair!” Gerald
63%
“You cannot run forever. Leave immediately.” Sage
60%
“All living things, kneel before your master!” Neo Metal Sonic
56%
“Hey, when you're a wanted criminal like me, you use all sorts of tricks to cover your trail.” Fang
48%
“The promised time will return once more... you cannot deny your fate.” Black Doom
47%
“One of my dinky li'l bombs ain't gonna cut it here... ...BETTER USE A BIG ONE!” Bean
45%
“One by one, your friends are falling. Soon, you will be all alone.” Zavok
45%
“No more heroes! Villains! Nothing! If we don't get a past, they don't get a future!” Surge
32%
“I've been itching for a fight all day!” Zazz
32%
“My Badnik forces will conquer the world. I will rule as it’s metallic overlord.” Heavy King
12%
No matching quizzes found
Score Distribution
Percent of People with Each Score
Percentile by Number Answered
Your Score History
You have not taken this quiz since the last reset